| 000 | 00989nam a2200289Ia 4500 | ||
|---|---|---|---|
| 001 | Para_5968 | ||
| 003 | CHAP | ||
| 008 | 220125s1968 xx 000 0 und d | ||
| 010 | _a204752 | ||
| 040 | _cCHAP | ||
| 090 | _aPA TESIS 246 | ||
| 100 |
_aQuintero Estrada, Joel _993418 |
||
| 245 |
_aEstudio taxonómico en aislamientos de Phytophthora De Bary patogénicos a plantas de chile (Capsicum annum L.) / _c por Joel Quintero Estrada |
||
| 260 |
_aChapingo, Méx. : _b el autor |
||
| 300 | _a51 h. | ||
| 502 | _aTesis (Ing. Agr. Esp. en Parasitología Agrícola) ENA. Departamento Parasitología Agrícola | ||
| 650 |
_aChile (botánica) _x enfermedades por hongos _922354 |
||
| 650 |
_aPhytophthora capsici _987920 |
||
| 710 |
_aENA. Departamento Parasitología Agrícola _9164684 |
||
| 901 | _aPA TESIS 246 | ||
| 902 | _aA | ||
| 905 | _a0000001968 a 0000000000 00 | ||
| 910 | _a1968 | ||
| 942 | _cPARA | ||
| 942 |
_cPARA _d1 |
||
| 999 |
_c204752 _d204752 |
||